000 00296nam a22001337a 4500
999 _c533006
_d533006
003 NUST
038 _aM.Ramzan
082 _a891.4393
_bASL
100 _aRahi, M.Aslam.
_926660
245 _aKhawab-e-Jawani /
260 _aLahore;
_bElm-o-Irfan,
_c2000.
300 _a224 p, :
942 _2ddc
_cBK